[Event "1st ACP World Rapid Cup"]
[Site "Odessa UCR"]
[Date "2007.01.08"]
[Round "4.4"]
[White "Leko, P."]
[Black "Ivanchuk, V."]
[Result "1-0"]
[WhiteElo "2749"]
[BlackElo "2750"]
[PlyCount "56"]
[EventDate "2007.01.05"]
[Source "www.chesslib.no"]
[SourceDate "2004.05.04"]

1. e4 Nf6 2. e5 Nd5 3. d4 d6 4. c4 Nb6 5. exd6 cxd6 6. Nc3 g6 7. Be3 Bg7 8. Rc1 O-O 9. b3 a5 10. Be2 Na6 11. Nf3 Bd7 12. O-O Rc8 13. Qd2 a4 14. Rfe1 axb3 15. axb3 Re8 16. Bh6 Bh8 17. h4 e5 18. dxe5 dxe5 19. Bg5 f6 20. Be3 Nc5 21. Bxc5 Rxc5 22. b4 Rxc4 23. Bxc4+ Nxc4 24. Qd5+ Be6 25. Qxb7 Qb8 26. Qc6 Bf7 27. Nd5 Nd6 28. Nc7 Rd8 1-0

[Event "Istanbul (ol)"]
[Site "?"]
[Date "2000.??.??"]
[Round "?"]
[White "Fedorov, Alex"]
[Black "Baburin, A."]
[Result "0-1"]
[WhiteElo "2645"]
[BlackElo "2590"]
[PlyCount "92"]
[EventDate "2000.??.??"]
[Source "Chess Informant"]
[SourceDate "2000.10.01"]

1. e4 Nf6 2. e5 Nd5 3. d4 d6 4. c4 Nb6 5. f4 dxe5 6. fxe5 Nc6 7. Be3 Bf5 8. Nc3 e6 9. Nf3 Bg4 10. Qd2 Bb4 11. a3 Be7 12. Ne4 Qd7 13. b4 Bxf3 14. gxf3 O-O-O 15. Rd1 Bh4+ 16. Ng3 f6 17. b5 Ne7 18. Qa5 Kb8 19. Be2 Nf5 20. Bf2 Qf7 21. f4 g5 22. Nxf5 Bxf2+ 23. Kxf2 exf5 24. d5 fxe5 25. fxe5 g4 26. Qc3 h5 27. e6 Qe7 28. h3 Rhg8 29. hxg4 hxg4 30. Qd4 f4 31. Bd3 Qg5 32. Be4 f3 33. c5 Nc8 34. Rh7 g3+ 35. Kxf3 g2 36. Rg1 Rdf8+ 37. Ke2 Qg4+ 38. Kd3 Rf3+ 39. Bxf3 Qxf3+ 40. Kd2 Rg4 41. Qe3 Qxd5+ 42. Kc1 Re4 43. Qf2 Qc4+ 44. Qc2 Qf1+ 45. Qd1 Qf4+ 46. Kb1 Qf5 0-1

[Event "XX Carlos Torre Wimbledon"]
[Site "Merida MEX"]
[Date "2007.12.19"]
[Round "1.5"]
[White "Dominguez Perez, L."]
[Black "Nogueiras Santiago, J."]
[Result "0-1"]
[WhiteElo "2683"]
[BlackElo "2549"]
[PlyCount "65"]
[EventDate "2007.12.19"]
[Source "www.chesslib.no"]
[SourceDate "2004.05.04"]

1. e4 Nf6 2. e5 Nd5 3. d4 d6 4. c4 Nb6 5. f4 Bf5 6. Nc3 e6 7. Be3 dxe5 8. fxe5 Nc6 9. Nf3 Bg4 10. Be2 Qd7 11. O-O Be7 12. c5 Nd5 13. Nxd5 Qxd5 14. Qc2 O-O 15. Rad1 Bf5 16. Qc3 Qxa2 17. Ra1 Qd5 18. b4 a6 19. Rad1 Qe4 20. Kf2 Qc2 21. Qa3 a5 22. b5 Nb4 23. Bd2 Nd5 24. Rfe1 a4 25. Rb1 b6 26. Rb2 Qe4 27. Bf1 Qg4 28. h3 Qg6 29. g4 Bc2 30. Bc4 Bb3 31. Bxb3 bxc5 32. dxc5 Bxc5+ 33. Kg3 0-1

[Event "XX Carlos Torre Wimbledon"]
[Site "Merida MEX"]
[Date "2007.12.19"]
[Round "1.3"]
[White "Dominguez Perez, L."]
[Black "Nogueiras Santiago, J."]
[Result "1-0"]
[WhiteElo "2683"]
[BlackElo "2549"]
[PlyCount "87"]
[EventDate "2007.12.19"]
[Source "www.chesslib.no"]
[SourceDate "2004.05.04"]

1. e4 Nf6 2. e5 Nd5 3. d4 d6 4. c4 Nb6 5. f4 Bf5 6. Nc3 e6 7. Be3 Be7 8. Nf3 O-O 9. Bd3 d5 10. b3 dxc4 11. bxc4 Bb4 12. Rc1 c5 13. O-O cxd4 14. Nxd4 Bxd3 15. Qxd3 N8d7 16. Nb3 Bxc3 17. Rxc3 Qc7 18. Rc2 Rfd8 19. Qe4 Rac8 20. Rfc1 h6 21. Bf2 Nf8 22. Bc5 Nbd7 23. Be7 Re8 24. Bd6 Qb6+ 25. c5 Qa6 26. Qc4 Qxc4 27. Rxc4 Ng6 28. Na5 b6 29. c6 Nb8 30. c7 Nd7 31. Nc6 b5 32. Rd4 Ra8 33. Nxa7 Rxa7 34. c8=Q Rxc8 35. Rxc8+ Kh7 36. Rc7 Rxc7 37. Bxc7 Nc5 38. Bd6 Na4 39. g3 Nc3 40. Rd2 f6 41. Rc2 Nd5 42. exf6 gxf6 43. Rc5 b4 44. Rb5 1-0

[Event "Kilkenny op"]
[Site "Kilkenny"]
[Date "1996.??.??"]
[Round "3"]
[White "Adams, Michael"]
[Black "Baburin, Alexander"]
[Result "1-0"]
[WhiteElo "2685"]
[BlackElo "2545"]
[PlyCount "73"]
[EventDate "1996.11.29"]
[Source "ChessBase"]

1. e4 Nf6 2. e5 Nd5 3. d4 d6 4. c4 Nb6 5. exd6 exd6 6. Nc3 Be7 7. h3 O-O 8. Nf3 Bf5 9. Be2 Bf6 10. O-O Re8 11. Re1 Nc6 12. a3 d5 13. c5 Nc8 14. Bf4 a6 15. Qd2 N8e7 16. Bf1 h6 17. b4 Be6 18. Ne2 Ng6 19. Be3 Bf5 20. Rad1 Qd7 21. Ng3 Be4 22. Nh2 Nh4 23. Ng4 Bd8 24. Ne5 Nxe5 25. dxe5 Bf3 26. Rc1 Rxe5 27. Bxh6 Rxe1 28. Rxe1 d4 29. Bg5 Bc6 30. Bxd8 Rxd8 31. Qg5 Ng6 32. h4 d3 33. Rd1 d2 34. Bc4 Qd4 35. h5 Ne5 36. Nf5 Qg4 37. Nh6+ 1-0

[Event "Russia"]
[Site "?"]
[Date "1995.??.??"]
[Round "?"]
[White "Dvoirys, S."]
[Black "Svidler, P."]
[Result "1-0"]
[WhiteElo "2580"]
[BlackElo "2635"]
[PlyCount "71"]
[EventDate "1995.??.??"]
[Source "ChessBase"]
[SourceDate "1995.06.01"]

1. e4 Nf6 2. e5 Nd5 3. d4 d6 4. c4 Nb6 5. exd6 cxd6 6. Nc3 g6 7. d5 Bg7 8. Nge2 O-O 9. Nd4 e5 10. dxe6 Bxe6 11. Nxe6 Qe7 12. Be2 Qxe6 13. O-O Nc6 14. Nb5 Rad8 15. Re1 Qf6 16. Rb1 d5 17. c5 Nc4 18. b3 N4e5 19. f4 Nd7 20. b4 b6 21. Qxd5 Nxc5 22. Qc4 Na4 23. Bf3 Rc8 24. Qb3 a6 25. Qxa4 axb5 26. Qxb5 Nd4 27. Qf1 Rfe8 28. Bd2 Rxe1 29. Rxe1 Qd6 30. Rd1 Rc2 31. Be4 Rxa2 32. Kh1 Qe6 33. Bd3 Qc6 34. b5 Qb7 35. Bc4 Rb2 36. Bc3 1-0

[Event "TCh-ISL 2004-5"]
[Site "?"]
[Date "2004.11.20"]
[Round "3"]
[White "Nataf Igor-Alexandre"]
[Black "Hjartarson Johann"]
[Result "1/2-1/2"]
[WhiteElo "2565"]
[BlackElo "2628"]
[PlyCount "124"]
[EventDate "2004.??.??"]
[Source "www.chesslib.no"]
[SourceDate "2004.05.04"]

1. e4 Nf6 2. e5 Nd5 3. d4 d6 4. c4 Nb6 5. exd6 cxd6 6. Nc3 g6 7. Be3 Bg7 8. Rc1 O-O 9. b3 Nc6 10. d5 Ne5 11. Be2 f5 12. f4 Ng4 13. Bxg4 fxg4 14. Nge2 e5 15. dxe6 Bxe6 16. O-O Qe7 17. Qd2 Rae8 18. Bd4 Bd7 19. Bxg7 Kxg7 20. Rcd1 Bc6 21. Nd4 Qe3+ 22. Qxe3 Rxe3 23. Ncb5 Bxb5 24. Nxb5 Nc8 25. g3 Re6 26. Rfe1 Rxe1+ 27. Rxe1 Kf7 28. Nc7 h6 29. Nd5 Rd8 30. Kf2 Rd7 31. Re4 b6 32. Ke3 Rb7 33. Kd4 Rd7 34. Kc3 Rb7 35. Kd4 b5 36. c5 b4 37. Kc4 dxc5 38. Kxc5 a5 39. Kc6 Ra7 40. Re2 h5 41. Nc7 a4 42. Nd5 axb3 43. axb3 Ra5 44. Nxb4 Ne7+ 45. Kb6 Ra3 46. Rb2 Nf5 47. Nc6 Kf6 48. Kc7 g5 49. fxg5+ Kxg5 50. b4 h4 51. b5 hxg3 52. b6 gxh2 53. Rxh2 Rh3 54. Rd2 Rb3 55. b7 g3 56. b8=Q Rxb8 57. Nxb8 Kf4 58. Nd7 Nh4 59. Nf6 g2 60. Nd5+ Ke5 61. Rd1 Nf3 62. Ne3 g1=Q 1/2-1/2

[Event "ARM-ch"]
[Site "Yerevan"]
[Date "1995.??.??"]
[Round "8"]
[White "Akopian, Vladimir"]
[Black "Minasian, Artashes"]
[Result "1/2-1/2"]
[WhiteElo "2625"]
[BlackElo "2565"]
[PlyCount "60"]
[EventDate "1995.08.??"]
[Source "ChessBase"]

1. e4 Nf6 2. e5 Nd5 3. d4 d6 4. c4 Nb6 5. exd6 cxd6 6. Nc3 g6 7. Be3 Bg7 8. Rc1 Nc6 9. d5 Ne5 10. f4 Ng4 11. Bd4 Nf6 12. Nf3 O-O 13. Be2 e6 14. dxe6 Bxe6 15. b3 Nc8 16. O-O Ne7 17. Ng5 Nc6 18. Nxe6 fxe6 19. Bf2 d5 20. cxd5 Nxd5 21. Nxd5 exd5 22. Bc5 Rf6 23. Bf3 d4 24. g3 Qd7 25. Qd3 Rd8 26. Rfe1 Kh8 27. Kg2 b6 28. Ba3 a5 29. Qb5 Nb4 30. Qxd7 Rxd7 1/2-1/2

[Event "It (open)"]
[Site "Biel (Switzerland)"]
[Date "2007.08.02"]
[Round "10"]
[White "Al-Modiahki Mohamad (QAT)"]
[Black "Bauer Christian (FRA)"]
[Result "1/2-1/2"]
[WhiteElo "2563"]
[BlackElo "2626"]
[PlyCount "78"]
[EventDate "2007.??.??"]
[Source "www.chesslib.no"]
[SourceDate "2004.05.04"]

1. e4 Nf6 2. e5 Nd5 3. d4 d6 4. c4 Nb6 5. exd6 exd6 6. Nc3 Be7 7. Be3 O-O 8. Qd2 Nc6 9. b3 Re8 10. Be2 Bf6 11. Nf3 Bf5 12. O-O d5 13. c5 Nc8 14. h3 Bg6 15. Nh2 h5 16. Rad1 b6 17. Bf3 N8e7 18. cxb6 axb6 19. g4 hxg4 20. hxg4 Bh4 21. Bg2 Qd7 22. f4 Bg3 23. f5 Bh7 24. Bf4 Bxf4 25. Qxf4 Nb4 26. a4 Rad8 27. Nf3 f6 28. Nb5 Nec6 29. Nh4 Re7 30. g5 fxg5 31. Qxg5 Rf7 32. Ng6 Rf6 33. Rde1 Re8 34. Nxc7 Rxe1 35. Rxe1 Rxf5 36. Qg3 Bxg6 37. Qxg6 Nxd4 38. Re8+ Rf8 39. Rxf8+ Kxf8 1/2-1/2

[Event "Gold Coast op"]
[Site "Gold Coast"]
[Date "1997.??.??"]
[Round "5"]
[White "Rogers, Ian"]
[Black "Agdestein, Simen"]
[Result "1/2-1/2"]
[WhiteElo "2600"]
[BlackElo "2570"]
[PlyCount "107"]
[EventDate "1997.??.??"]
[Source "www.chesslib.no"]
[SourceDate "2004.05.04"]

1. e4 Nf6 2. e5 Nd5 3. d4 d6 4. c4 Nb6 5. exd6 exd6 6. Nc3 Be7 7. h3 c6 8. Nf3 Bf5 9. Be2 a5 10. O-O O-O 11. b3 Na6 12. Be3 Bg6 13. Qd2 Bf6 14. Rac1 Re8 15. Rfe1 h6 16. Bd3 Bxd3 17. Qxd3 d5 18. c5 Nd7 19. Bf4 Rxe1+ 20. Rxe1 Nc7 21. Na4 Ne6 22. Bg3 b6 23. cxb6 Nxb6 24. Nc5 Nxc5 25. dxc5 Nd7 26. Bd6 Qc8 27. Nh2 h5 28. g4 hxg4 29. Nxg4 Bh4 30. Qf3 Nf8 31. Ne5 Bf6 32. Bxf8 Kxf8 33. Qh5 g6 34. Nxg6+ fxg6 35. Qxg6 Bg7 36. Qh7 Ra7 37. Qg6 d4 38. Re6 d3 39. Rxc6 Qe8 40. Qd6+ Kg8 41. Qd5+ Rf7 42. Re6 Qd7 43. Rd6 Qxh3 44. Rd8+ Bf8 45. Qc4 Qf3 46. Rxd3 Qxf2+ 47. Kh1 Qf1+ 48. Kh2 Qf2+ 49. Kh1 Be7 50. Qd5 Qf1+ 51. Kh2 Qf2+ 52. Kh1 Qe1+ 53. Kh2 Qf2+ 54. Kh1 1/2-1/2

[Event "Mind Sports Games - Blitz Team KO"]
[Site "Pechino CINA"]
[Date "2008.10.14"]
[Round "1.1"]
[White "Li Chao2"]
[Black "Gopal, G."]
[Result "1/2-1/2"]
[WhiteElo "2622"]
[BlackElo "2548"]
[PlyCount "80"]
[EventDate "2008.10.13"]
[Source "www.chesslib.no"]
[SourceDate "2004.05.04"]

1. e4 Nf6 2. e5 Nd5 3. d4 d6 4. c4 Nb6 5. exd6 exd6 6. Nc3 Be7 7. Be3 O-O 8. Bd3 Nc6 9. Nge2 Nb4 10. O-O Nxd3 11. Qxd3 d5 12. c5 Nc4 13. Bc1 c6 14. b3 Na5 15. Bf4 b6 16. Na4 Re8 17. Rac1 Bd7 18. Rfe1 Bf6 19. Ng3 g6 20. Rxe8+ Bxe8 21. Re1 Bd7 22. h3 Nb7 23. Qa6 Qc8 24. cxb6 Bxd4 25. bxa7 Bxa7 26. Nb6 Bxb6 27. Qxb6 Nd8 28. a4 Ne6 29. Bd6 c5 30. Be5 d4 31. Ne4 Bc6 32. Nf6+ Kf8 33. Nxh7+ Kg8 34. Nf6+ Kf8 35. Nh7+ Kg8 36. Nf6+ Kf8 37. Nh7+ Kg8 38. Nf6+ Kf8 39. Nh7+ Kg8 40. Nf6+ Kf8 1/2-1/2

[Event "NED radio game"]
[Site "NED"]
[Date "1975.??.??"]
[Round "?"]
[White "Tal, Mikhail N"]
[Black "Timman, Jan H"]
[Result "1/2-1/2"]
[WhiteElo "2645"]
[BlackElo "2510"]
[PlyCount "49"]
[EventDate "1975.??.??"]
[Source "www.chesslib.no"]
[SourceDate "2004.05.04"]

1. e4 Nf6 2. e5 Nd5 3. d4 d6 4. c4 Nb6 5. f4 dxe5 6. fxe5 Nc6 7. Be3 Bf5 8. Nc3 e6 9. Nf3 Be7 10. d5 exd5 11. cxd5 Nb4 12. Nd4 Bd7 13. Qb3 a5 14. e6 fxe6 15. dxe6 Bc6 16. O-O-O a4 17. Nxc6 axb3 18. Rxd8+ Rxd8 19. Nxd8 bxa2 20. Nxa2 Nxa2+ 21. Kb1 Kxd8 22. Bxb6 Nb4 23. Bd4 Bf6 24. Bc5 Be7 25. Bd4 1/2-1/2

[Event "SWE-NOR m"]
[Site "?"]
[Date "2005.05.05"]
[Round "2"]
[White "Agrest Evgenij"]
[Black "Agdestein Simen"]
[Result "1/2-1/2"]
[WhiteElo "2579"]
[BlackElo "2573"]
[PlyCount "106"]
[EventDate "2005.??.??"]
[Source "www.chesslib.no"]
[SourceDate "2004.05.04"]

1. e4 Nf6 2. e5 Nd5 3. d4 d6 4. c4 Nb6 5. exd6 exd6 6. Nc3 Be7 7. Nf3 O-O 8. h3 Re8 9. Be2 c6 10. O-O Bf6 11. Bf4 Na6 12. a4 d5 13. c5 Nd7 14. Bxa6 bxa6 15. a5 Nf8 16. Qa4 Bd7 17. Rfe1 Rxe1+ 18. Rxe1 Ne6 19. Bd6 Qc8 20. Ne5 Be8 21. Qb4 h5 22. Ne2 g6 23. Nc1 Nc7 24. Nf3 Nb5 25. Be5 Bd8 26. Qd2 f6 27. Bg3 Bf7 28. Ne2 Kg7 29. Nf4 g5 30. Nd3 h4 31. Bd6 Qd7 32. Qb4 Bg6 33. Re3 Be4 34. Nd2 Bxd3 35. Rxd3 Bc7 36. Bxc7 Qxc7 37. Re3 Kf8 38. Nf3 Re8 39. Rxe8+ Kxe8 40. Qe1+ Kf7 41. Qb1 Qxa5 42. Qf5 Ke7 43. Qh7+ Kf8 44. Qh8+ Kf7 45. Qh7+ Kf8 46. Qh8+ Kf7 47. Qc8 Qc7 48. Qxa6 Kg7 49. Qa4 Qf4 50. Qa6 Qc1+ 51. Kh2 Qf4+ 52. Kg1 Qc1+ 53. Kh2 Qf4+ 1/2-1/2

[Event "Frunze"]
[Site "Frunze"]
[Date "1985.??.??"]
[Round "3"]
[White "Romanishin, Oleg M"]
[Black "Agzamov, Georgy"]
[Result "1-0"]
[WhiteElo "2590"]
[BlackElo "2560"]
[PlyCount "81"]
[EventDate "1985.11.??"]
[Source "ChessBase"]

1. e4 Nf6 2. e5 Nd5 3. d4 d6 4. Be2 dxe5 5. dxe5 Nc6 6. Nf3 Bg4 7. c3 Nb6 8. Nbd2 e6 9. O-O Be7 10. a4 a5 11. Re1 O-O 12. Qb3 Qd5 13. Qb5 Rfd8 14. Nf1 Qe4 15. Be3 Rd5 16. Qb3 Nxe5 17. Bxb6 Bxf3 18. Ng3 Qg6 19. Bxc7 Bxe2 20. Rxe2 Nd3 21. Qxb7 Re8 22. c4 Rd4 23. Bxa5 Rxc4 24. Bc7 Rb4 25. Qc6 Rf8 26. a5 Bc5 27. Bd6 e5 28. Ne4 Nf4 29. Nxc5 e4 30. g3 Nxe2+ 31. Kf1 Nd4 32. Qd5 Rd8 33. a6 Nb5 34. a7 Nxa7 35. Rxa7 h5 36. Ra8 Rxa8 37. Qxa8+ Kh7 38. Qd5 Qg4 39. Bf4 Qh3+ 40. Ke1 Qg4 41. Nxe4 1-0

[Event "Bad Wiessee (30.10.-07.11)"]
[Site "?"]
[Date "2004.11.07"]
[Round "9"]
[White "Jaracz Pawel"]
[Black "Miroshnichenko Evgenij"]
[Result "1/2-1/2"]
[WhiteElo "2531"]
[BlackElo "2617"]
[PlyCount "43"]
[EventDate "2004.??.??"]
[Source "www.chesslib.no"]
[SourceDate "2004.05.04"]

1. e4 Nf6 2. e5 Nd5 3. d4 d6 4. c4 Nb6 5. exd6 cxd6 6. Nc3 g6 7. Bg5 Bg7 8. Rc1 O-O 9. Be2 h6 10. Be3 d5 11. c5 Nc4 12. Bxc4 dxc4 13. Nge2 Bf5 14. O-O Nc6 15. b3 Bd3 16. bxc4 Bxc4 17. Qa4 Bxe2 18. Nxe2 e5 19. dxe5 Nxe5 20. Rb1 Qc7 21. Qe4 b6 22. cxb6 1/2-1/2

[Event "ch-Euro Blitz"]
[Site "Ajaccio FRA"]
[Date "2007.10.25"]
[Round "7"]
[White "Fressinet, L."]
[Black "Drazic, S."]
[Result "0-1"]
[WhiteElo "2654"]
[BlackElo "2493"]
[PlyCount "154"]
[EventDate "2007.10.25"]
[Source "www.chesslib.no"]
[SourceDate "2004.05.04"]

1. e4 Nf6 2. e5 Nd5 3. d4 d6 4. c4 Nb6 5. exd6 exd6 6. Nc3 Be7 7. Bd3 N8d7 8. Nge2 O-O 9. O-O Re8 10. b3 c6 11. Re1 Bf8 12. Qc2 h6 13. Bf4 Nf6 14. h3 Be6 15. Bh2 d5 16. c5 Nbd7 17. Nf4 b6 18. b4 a5 19. b5 bxc5 20. bxc6 Nb6 21. dxc5 Bxc5 22. Nb5 Bb4 23. Re2 Bc8 24. a3 Bf8 25. Rxe8 Qxe8 26. Rb1 Qd8 27. Ne2 Nc4 28. Bxc4 dxc4 29. Qxc4 Bf5 30. Rc1 Bd3 31. c7 Bxc4 32. cxd8=Q Rxd8 33. Bc7 Bxb5 34. Bxd8 Bxe2 35. Rc8 a4 36. Be7 Nh7 37. Ra8 Bd1 38. Kf1 g5 39. Bb4 f6 40. Ke1 Bb3 41. Kd2 Kf7 42. Ra7+ Kg6 43. Kc3 Bg7 44. Ra6 Kf7 45. Ra7+ Kg6 46. Ra6 Kf7 47. Ra7+ Kg8 48. Ra8+ Nf8 49. Kd4 f5+ 50. Kc5 Kf7 51. Kd6 Ne6 52. Ra7+ Kg6 53. g3 Bd4 54. Ra6 Bxf2 55. g4 fxg4 56. hxg4 Kf7 57. Bc3 Bc5+ 58. Ke5 Bxa3 59. Ra7+ Kg6 60. Ke4 Bf8 61. Kd3 h5 62. gxh5+ Kxh5 63. Be5 Bc5 64. Rh7+ Kg6 65. Rb7 Kf5 66. Bc3 Nf4+ 67. Kd2 Bd6 68. Rb5+ Nd5 69. Bd4 Be5 70. Bf2 Ke4 71. Rb7 g4 72. Rh7 g3 73. Bg1 Bf4+ 74. Ke2 Bc4+ 75. Ke1 a3 76. Rh8 a2 77. Rd8 Ke5 0-1

[Event "Swidnica op rap"]
[Site "?"]
[Date "1998.??.??"]
[Round "?"]
[White "Malaniuk Vladimir P"]
[Black "Neverov Valeriy"]
[Result "0-1"]
[WhiteElo "2600"]
[BlackElo "2540"]
[PlyCount "85"]
[EventDate "1998.??.??"]
[Source "www.chesslib.no"]
[SourceDate "2004.05.04"]

1. e4 Nf6 2. e5 Nd5 3. d4 d6 4. c4 Nb6 5. exd6 exd6 6. Bd3 Nc6 7. Be2 Be7 8. Nf3 Bg4 9. b3 O-O 10. Be3 d5 11. c5 Nc8 12. O-O Bf6 13. h3 Bxf3 14. Bxf3 N8e7 15. Qd3 g6 16. Nc3 Nf5 17. Bxd5 Nb4 18. Qe4 Re8 19. Qf3 Nh4 20. Bxf7+ Kxf7 21. Qxb7 Rb8 22. Qxa7 Qd7 23. Rad1 Kg7 24. Kh1 Rec8 25. Qa4 c6 26. a3 Nd5 27. Qc4 Nxc3 28. Qxc3 Qd5 29. f3 Rxb3 30. Qd2 Rxa3 31. Qb4 Rb3 32. Qd2 Rcb8 33. Rf2 Nf5 34. Bf4 R8b7 35. Qa5 g5 36. Bh2 Bxd4 37. Rfd2 Kg6 38. Qa8 Rb1 39. Qe8+ Kh6 40. Qf8+ Kg6 41. Qe8+ Kh6 42. Qf8+ Bg7 43. Rxd5 0-1

[Event "Eastern Class Ch Woburn"]
[Site "?"]
[Date "1998.??.??"]
[Round "1"]
[White "Shabalov, Alexander"]
[Black "Paschall, William M"]
[Result "1/2-1/2"]
[WhiteElo "2720"]
[BlackElo "2415"]
[PlyCount "120"]
[EventDate "1998.??.??"]
[Source "www.chesslib.no"]
[SourceDate "2004.05.04"]

1. e4 Nf6 2. e5 Nd5 3. d4 d6 4. c4 Nb6 5. exd6 cxd6 6. d5 e6 7. Nc3 Be7 8. Nf3 O-O 9. Be2 exd5 10. cxd5 N8d7 11. O-O Re8 12. Nd4 Bf8 13. a4 a5 14. Bb5 g6 15. Bf4 Bg7 16. Nf3 Qc7 17. Rc1 Qc5 18. Re1 Rxe1+ 19. Qxe1 Qb4 20. g3 Nf6 21. Qe7 Bd7 22. Ng5 Rf8 23. Qxd6 Bxb5 24. Qxb6 Bd7 25. Be3 Rc8 26. Rd1 h6 27. Nf3 Bg4 28. Kg2 Nd7 29. Qxb4 axb4 30. Nb5 Ne5 31. Nbd4 Nxf3 32. Nxf3 Bxb2 33. Bxh6 Ra8 34. Bf4 Rxa4 35. h3 Bd7 36. Ne5 Bxe5 37. Bxe5 Ra5 38. Kf3 f6 39. Bxf6 Kf7 40. Bb2 Rxd5 41. Rxd5 Bc6 42. Ke4 Ke6 43. Kf4 Bxd5 44. Kg5 Kf7 45. f4 Be4 46. g4 Ke6 47. h4 b3 48. h5 gxh5 49. f5+ Kf7 50. Kxh5 Bd3 51. Kg5 Be2 52. Kf4 b5 53. g5 Bh5 54. Kg3 Be2 55. Kh4 b4 56. g6+ Kg8 57. Kg5 Bc4 58. Bd4 Bd5 59. f6 Bc4 60. Kf4 Kf8 1/2-1/2

[Event "NY"]
[Site "New York, NY USA"]
[Date "1994.??.??"]
[Round "?"]
[White "Kaidanov, Gregory S"]
[Black "Palatnik, Semyon"]
[Result "1-0"]
[WhiteElo "2645"]
[BlackElo "2485"]
[PlyCount "54"]
[EventDate "1994.??.??"]
[Source "www.chesslib.no"]
[SourceDate "2004.05.04"]

1. e4 Nf6 2. e5 Nd5 3. d4 d6 4. c4 Nb6 5. exd6 cxd6 6. d5 e6 7. Nc3 Be7 8. Bd3 exd5 9. cxd5 O-O 10. h3 Re8 11. Nge2 N8d7 12. O-O Nf8 13. a4 Nbd7 14. a5 a6 15. Bc2 Ne5 16. f4 Nc4 17. Bd3 Nxa5 18. b4 Qb6+ 19. Kh2 Qxb4 20. Bd2 Bd7 21. Ne4 Qb3 22. Bxa5 Qxd5 23. Bc3 Bc6 24. f5 Nd7 25. Nf4 Qxf5 26. Nf6+ Qxf6 27. Bxf6 Bxf6 1-0

[Event "BL 0607 SV Wattenscheid - SC Remagen"]
[Site "Germania"]
[Date "2007.04.01"]
[Round "15.2"]
[White "Bartel, Mateusz"]
[Black "Degraeve, Jean-Marc"]
[Result "1-0"]
[WhiteElo "2569"]
[BlackElo "2551"]
[PlyCount "129"]
[EventDate "2006.10.28"]
[Source "www.chesslib.no"]
[SourceDate "2004.05.04"]

1. e4 Nf6 2. e5 Nd5 3. d4 d6 4. c4 Nb6 5. exd6 exd6 6. Nc3 Be7 7. Bd3 Nc6 8. Be3 O-O 9. Nge2 Nb4 10. O-O Bg4 11. b3 Nxd3 12. Qxd3 Bxe2 13. Qxe2 c6 14. Qd3 Bf6 15. a4 a5 16. Ne4 d5 17. Nxf6+ Qxf6 18. Rab1 Rfe8 19. c5 Nd7 20. b4 axb4 21. Rxb4 Nf8 22. Rfb1 Re7 23. Rxb7 Rxb7 24. Rxb7 Rxa4 25. h3 h6 26. Rb8 Ra1+ 27. Kh2 g5 28. Qb3 Kg7 29. Qb7 Ng6 30. Rc8 Ne7 31. Rc7 Nf5 32. Qxc6 Qxc6 33. Rxc6 Ra4 34. Rc8 Nxd4 35. Rd8 Nc2 36. Rxd5 Nxe3 37. fxe3 Rc4 38. Kg3 Kf6 39. Kf3 h5 40. g4 hxg4+ 41. hxg4 Kg6 42. e4 f6 43. Ke3 Kf7 44. Kd3 Rc1 45. Kd4 Ke7 46. e5 Rd1+ 47. Ke4 Re1+ 48. Kf5 Rf1+ 49. Kg6 Ke6 50. Rd2 fxe5 51. Rc2 e4 52. c6 Rf8 53. Kxg5 Ke5 54. Kh6 Rh8+ 55. Kg7 Rc8 56. g5 Kd6 57. Kf6 Rxc6 58. Rd2+ Kc7+ 59. Kf5 Rc5+ 60. Kf4 e3 61. Re2 Rc3 62. g6 Kd6 63. g7 Rc8 64. Kf5 Re8 65. Rxe3 1-0

[Event "XIII Open internazionale"]
[Site "Villa de Coria del Río SPA"]
[Date "2007.02.27"]
[Round "8"]
[White "Korneev, Oleg"]
[Black "Cámpora, Daniel"]
[Result "1-0"]
[WhiteElo "2607"]
[BlackElo "2510"]
[PlyCount "97"]
[EventDate "2007.02.21"]
[Source "www.chesslib.no"]
[SourceDate "2004.05.04"]

1. e4 Nf6 2. e5 Nd5 3. d4 d6 4. c4 Nb6 5. f4 dxe5 6. fxe5 Nc6 7. Be3 Bf5 8. Nc3 e6 9. Nf3 Bb4 10. Bd3 Bg4 11. a3 Bxf3 12. gxf3 Bxc3+ 13. bxc3 Qh4+ 14. Bf2 Qh6 15. a4 Na5 16. Qe2 c5 17. Qb2 Nd7 18. O-O O-O 19. Qb5 Qg5+ 20. Kh1 Qd8 21. Rad1 Qc7 22. f4 Qc6+ 23. d5 Qxb5 24. cxb5 exd5 25. Bf5 Nb6 26. Bxc5 Rfe8 27. Rfe1 Nb3 28. Bb4 Nxa4 29. Rxd5 b6 30. Bc2 Nbc5 31. Ra1 a5 32. bxa6 Rxa6 33. Rd6 Rb8 34. f5 g6 35. f6 h6 36. e6 fxe6 37. Bxg6 Rf8 38. Rg1 Kh8 39. Bc2 Raa8 40. Rg6 Rfd8 41. Rd4 Rxd4 42. cxd4 Nd7 43. Rxh6+ Kg8 44. Rg6+ Kh8 45. f7 b5 46. Rxe6 Kg7 47. Re8 Ra6 48. Bb3 Rf6 49. Rg8+ 1-0

[Event "Dresden ZMD op"]
[Site "?"]
[Date "2003.07.30"]
[Round "6"]
[White "Zelcic Robert"]
[Black "Luther Thomas"]
[Result "1-0"]
[WhiteElo "2543"]
[BlackElo "2574"]
[PlyCount "157"]
[EventDate "2003.??.??"]
[Source "www.chesslib.no"]
[SourceDate "2004.05.04"]

1. e4 Nf6 2. e5 Nd5 3. d4 d6 4. c4 Nb6 5. f4 dxe5 6. fxe5 c5 7. d5 e6 8. Nc3 exd5 9. cxd5 c4 10. d6 Be6 11. Nf3 N6d7 12. Bf4 Nc6 13. Be2 g6 14. O-O Bg7 15. Nd5 O-O 16. Nc7 Ndxe5 17. Nxe5 Nxe5 18. Nxa8 Qxa8 19. Qd2 b5 20. Rad1 Qb7 21. Kh1 Qd7 22. Qe3 Ng4 23. Qa3 h5 24. Rd2 Rc8 25. Qa6 Rc5 26. h3 Ne5 27. Rfd1 Nc6 28. Be3 Re5 29. Bg1 Bh6 30. Bf3 Nb4 31. Qa5 Bxd2 32. Rxd2 Nd3 33. Qc7 Bxh3 34. Bc6 Qxc7 35. dxc7 Bc8 36. Bxa7 Re7 37. Bb8 Re5 38. Kh2 Rc5 39. Be4 Kg7 40. Bxd3 Rd5 41. Bf5 Rxf5 42. Rd8 Be6 43. c8=Q Bxc8 44. Rxc8 g5 45. Bd6 Kg6 46. Bb4 h4 47. Bc3 Rf1 48. Rg8+ Kh5 49. Rb8 Rf5 50. Rb6 Kg4 51. Ra6 Rf2 52. Kg1 Rf5 53. Rd6 Rc5 54. Bd4 Rf5 55. Bc3 Rc5 56. Rd4+ Kh5 57. Rd7 Rf5 58. Rc7 Kg4 59. Rd7 Kh5 60. Rd8 Kg4 61. Bd2 Kh5 62. Rc8 Rd5 63. Bc3 f5 64. Kf2 f4 65. a4 bxa4 66. Rxc4 a3 67. bxa3 Rd1 68. Rd4 Rc1 69. Bd2 Ra1 70. a4 Kg4 71. a5 h3 72. gxh3+ Kxh3 73. Bc3 Ra3 74. Bb4 Ra1 75. Rd3+ Kh2 76. Ra3 Rb1 77. a6 g4 78. a7 Rb2+ 79. Ke1 1-0

[Event "It (Men) Villa Martelli ARG"]
[Site "?"]
[Date "2005.08.20"]
[Round "4"]
[White "Felgaer Ruben"]
[Black "Slipak Sergio David ARG"]
[Result "1-0"]
[WhiteElo "2618"]
[BlackElo "2489"]
[PlyCount "91"]
[EventDate "2005.??.??"]
[Source "www.chesslib.no"]
[SourceDate "2004.05.04"]

1. e4 Nf6 2. e5 Nd5 3. d4 d6 4. c4 Nb6 5. exd6 exd6 6. Nc3 Be7 7. Be3 O-O 8. Qf3 Nc6 9. O-O-O Be6 10. b3 Qc8 11. h3 Bf5 12. Nge2 a5 13. g4 Bg6 14. h4 f5 15. g5 f4 16. Nxf4 a4 17. Bh3 Bf5 18. Kb2 axb3 19. axb3 Ne5 20. Qe2 d5 21. Bxf5 Qxf5 22. Ncxd5 Ba3+ 23. Kc3 Ng6 24. Qd3 Nxd5+ 25. Nxd5 Qd7 26. Ra1 b5 27. h5 Ne7 28. Nxe7+ Bxe7 29. cxb5 Rab8 30. Ra5 Rf5 31. Qc4+ Kh8 32. Rha1 Qd8 33. Qc6 Rf8 34. f4 Bd6 35. h6 Qe7 36. Kd3 Rbe8 37. Qf3 Qf7 38. Kc3 Qe6 39. Bd2 gxh6 40. gxh6 Qxh6 41. Ra8 Qg6 42. f5 Qf7 43. Rxe8 Qxe8 44. f6 Qd8 45. Bh6 Rxf6 46. Qxf6+ 1-0

[Event "Moscow Aeroflot op"]
[Site "Moscow"]
[Date "2002.02.08"]
[Round "6"]
[White "Sulskis, Sarunas"]
[Black "Vasiukov, Evgeni"]
[Result "1-0"]
[WhiteElo "2579"]
[BlackElo "2524"]
[PlyCount "73"]
[EventDate "2002.02.04"]
[Source "ChessBase"]
[SourceDate "2002.03.21"]

1. e4 Nf6 2. e5 Nd5 3. d4 d6 4. c4 Nb6 5. exd6 exd6 6. Bd3 Nc6 7. Nf3 Be7 8. d5 Nb4 9. Be2 a5 10. O-O O-O 11. Be3 Bf6 12. Nd4 Re8 13. Qd2 Bd7 14. Nc3 c6 15. dxc6 bxc6 16. b3 c5 17. Nf3 a4 18. Rac1 axb3 19. axb3 Bc6 20. Rfe1 Ra3 21. Qd1 h6 22. h3 Re6 23. Bf1 Bxf3 24. Qxf3 Rxb3 25. Nb5 Qe7 26. Rb1 Rxb1 27. Rxb1 Bg5 28. Bxg5 hxg5 29. Ra1 Qf6 30. Qd1 g6 31. Ra3 Kh7 32. Ra7 Kg7 33. g3 Kh7 34. Nc7 Kh6 35. Qd2 Kg7 36. Rb7 Nc8 37. Kg2 1-0